|
|
|
|
| LEADER |
01095nam a22003252a 4500 |
| 001 |
001461532 |
| 003 |
CZ BrMZK |
| 005 |
20150423121544.0 |
| 007 |
ta |
| 008 |
150316s1953 xr er|||||||||||cze d |
| 015 |
|
|
|a cnb000509248
|
| 035 |
|
|
|a (OCoLC)85314834
|
| 040 |
|
|
|a BOD001
|b cze
|d BOD001
|d BOA001
|
| 041 |
1 |
|
|a cze
|h hun
|
| 080 |
|
|
|a 894.511
|
| 100 |
1 |
|
|a Urbán, Ernö,
|d 1918-1974
|7 xx0175089
|4 aut
|
| 245 |
1 |
0 |
|a Křest ohněm :
|b hra o třech dějstvích a sedmi obrazech /
|c Ernö Urbán ; přeložila Míla Zadražilová
|
| 250 |
|
|
|a 1. vyd.
|
| 260 |
|
|
|a Praha :
|b Orbis,
|c 1953
|
| 300 |
|
|
|a 110 s.
|
| 490 |
1 |
|
|a Divadelní knihovna. Hry současné ;
|v sv. 11
|
| 500 |
|
|
|a Přeloženo z maďarštiny
|
| 650 |
0 |
7 |
|a maďarská literatura
|7 ph122705
|2 czenas
|
| 700 |
1 |
|
|a Zadražilová, Miluše,
|d 1937-2012
|7 jk01151889
|4 trl
|
| 765 |
0 |
|
|t Tüzkeresztség
|
| 830 |
|
0 |
|a Divadelní knihovna (Orbis).
|p Hry současné
|
| 910 |
|
|
|a BOA001
|b 2-0309.008
|
| 990 |
|
|
|a BK
|
| 991 |
|
|
|b 201503
|
| 996 |
6 |
|
|b 2618823686
|c 2-0309.008
|l MZK
|r Sklad / do 24 hodin
|n 0
|w 001496483
|u 000010
|a 1
|e BOA001
|j MZK50
|s P
|